000 00415nam a2200181Ia 4500
001 1134
005 20260306140609.0
008 260306t2008||||xx |||||||||||||| ||spa||
041 _aESP
082 _a184
_bP66I T. 7
100 _aPlatón
_eAUT
245 0 _aDiálogos VII:
_bdudosos, apócrifos, cartas
260 _c2008
300 _a
_c20 cm.
650 _aGEN
654 _aCHU
942 _cLIB
_dJUS
_fJUS
_2ddc
_n
999 _c1134
_d1134